000 00668nam a2200265Ia 4500
005 20260121170230.0
008 008 260114s9999 xx 000 0 eng d
020 _a9789811064760
037 _aEBOOK
040 _aCRL
040 _beng
040 _cCRL
041 _2eng
041 _aeng
084 _qCRL
100 _aMargarita Pavlova, John Chi-Kin Lee, Rupert Maclean
_91061385
245 0 _aTransitions to Post-School Life
260 _bSpringer
260 _bSpringer
260 _c2018
856 _uhttps://link.springer.com/openurl?genre=book&isbn=978-981-10-6476-0
942 _cEBOOK
999 _c1627114
_d1627114